Maires de Bastia - Statistiques

Statistiques générales
  • Ce quiz a été pris 29 fois
  • Le résultat moyen est 5 sur 15
Statistiques - réponses
Date Parti Maire % Correct
2014-2016 Femu a Corsica Gilles Simeoni
93%
1989-1997 PRG Emile Zuccarelli
71%
2000-2014 PRG Emile Zuccarelli
71%
1968-1989 PRG Jean Zuccarelli
71%
2016-... Femu a Corsica Pierre Savelli
64%
1997-2000 PRG Albert Calloni
36%
1937-1941 Radical (centre gauche) Hyacinthe de Montera
29%
1945-1947 Radical (centre gauche) Hyacinthe de Montera
29%
1888-1912 Radical (centre gauche) Auguste Gaudin
21%
1919-1937 Radical (centre gauche) Emile Sari
14%
1943-1945 Radical (centre droit) Jacques Faggianelli
7%
1947-1967 Radical puis Gaulliste Jacques Faggianelli
7%
1917-1919 Radical (centre gauche) Jean-Baptiste de Caraffa
7%
1941-1943 Régime de Vichy Joseph Gherardi
7%
1912-1917 Lucien Dupello
0%
Aucun quiz correspondant
Distribution des résultats
% des personnes avec chaque résultat
Percentile par nombre de réponses
Votre historique - résultats
Vous n’avez pas pris ce quiz